000
00420nam a2200157Ia 4500
008
100204s9999 xx 000 0 und d
082
_b
28275
100
_a
राऊत भारतकुमार
245
_a
अशी ही मुंबई
250
_a
0
260
_c
2008
300
_a
141
630
_a
अशी ही मुंबई
730
_a
अशी ही मुंबई
942
_c
BOOK
999
_c
473440
_d
473437